000
00302nam a22001217a 4500
999
_c
524534
_d
524534
008
231218b ||||| |||| 00| 0 eng d
245
_a
Sporting prowess: The year of historic wins
260
_a
Yojana
300
_a
67(12), Dec, 2023: p.25-33
773
_a
Yojana
906
_a
SPORTS
942
_c
AR